| 000 | 01074nam a22001937a 4500 | ||
|---|---|---|---|
| 003 | JO-AjAnu | ||
| 005 | 20240706094142.0 | ||
| 008 | 240706b jo ||||| |||| 00| 0 ara d | ||
| 040 |
_aJO-AjAnu _cJO-AjAnu |
||
| 041 | _aARA | ||
| 100 | 1 |
_aالقصاص، عبير محمد سليمان _965996 _eمعد |
|
| 245 |
_aاثر نظم تخطيط موارد المشروع على الرقابة الداخلية في قطاع الصحة الاردني - دراسة ميدانية = The Impact of Enterprise Resource Planning Systems on Internal Control at jordanian Health Sector- A Field Study / _cاعداد عبير محمد سليمان القصاص ؛ إشراف علي عبداللة الزعبي |
||
| 260 | _c2024 | ||
| 300 | _a105 ورقة | ||
| 500 | _a رسالة جامعية (ماجستير) .- جامعة عجلون الوطنية (عجلون، الأردن)، كلية الأعمال ، تخصص المحاسبة 2024 | ||
| 650 | 7 | 0 |
_aالرقابة الداخلية _965998 |
| 700 | 1 |
_aالزعبي،علي عبدالله _965558 |
|
| 942 |
_2lcc _cTHS _n0 |
||
| 999 |
_c33554 _d33554 |
||